000 00459nam a2200157 4500
001 127925
003 ES-MaACL
005 20230906193124.0
007 t|
008 070214s1966 sp r ||||1| spa d
100 1 _aRiobó González, Manuel.
_997344
245 1 0 _aPsicopatología y pedagogía terapéutica /
_cManuel Riobó González.
260 _aMadrid :
_bMorata,
_c1966.
300 _a127 p. :
_bil. ;
_c21 cm.
852 _aES-MaACL
_jC-31090
_bR.60626
999 _c127925
_d127925